[Event "BL 2018-19"]
[Site "Berlin"]
[Date "2019.03.03"]
[Round "11.19"]
[White "Postny, Evgeny"]
[Black "Moranda, Wojciech"]
[Result "1/2-1/2"]
[WhiteElo "2617"]
[BlackElo "2599"]
[Annotator "TA"]
[PlyCount "86"]
[EventDate "2018.11.10"]
[EventType "team-tourn"]
[EventCountry "GER"]
[SourceTitle "playchess.com"]
[Source "ChessBase"]
[SourceQuality "1"]
[WhiteTeam "Augsburg"]
[BlackTeam "SF Berlin"]

{[%evp 10,86,22,30,46,26,31,25,44,27,27,33,22,4,6,1,4,14,0,19,11,18,20,20,37,0,4,8,27,-9,-12,-23,-22,-78,-79,-75,-83,-83,-8,-8,-7,-2,0,0,-6,-8,0,-11,-8,-18,-17,-18,-18,-18,-16,-19,0,0,0,0,0,0,0,0,0,0,0,0,8,8,8,0,0,0,0,0,0,0,0]} 1. d4 Nf6 2. c4 e6 3. Nf3 d5 4. g3 dxc4 5. Bg2 Bb4+ 6. Bd2 c5 {E04: Open Catalan: 5 Nf3} (6... a5 7. Qc2 Bxd2+ 8. Qxd2 c6 9. Ne5 b5 10. a4 Ra6 11. Nc3 Bd7 12. Nxd7 Qxd7 13. axb5 cxb5 14. Qg5 O-O 15. Qxb5 Qxd4 {½-½ (27) Postny,E (2615)-Anand,V (2773) St Petersburg 2018}) 7. Bxb4 cxb4 8. Ne5 O-O {White has an edge.} 9. Nxc4 Nc6 10. e3 e5 {[%cal Re5d4]} 11. dxe5 Qxd1+ 12. Kxd1 Ng4 13. Bxc6 bxc6 14. Ke1 {[#] next f3 is good for White.} f6 $146 15. Nbd2 Nxe5 16. Nxe5 fxe5 17. f3 e4 $36 {[%mdl 2048] Black is more active.} 18. f4 Be6 19. Rf1 Rad8 20. Rf2 Rd3 21. Nxe4 (21. Nf1 $11) 21... Re8 $17 ({Reject} 21... Rxe3+ $6 22. Re2 $11) 22. Nc5 Rxe3+ 23. Kd2 {[#]} Bg4 (23... Bc4 $1 $17 {Threatens to win with ...Re2+.} 24. Rc1 Bxa2) 24. a3 $1 $11 {The position is equal.} Re2+ 25. Rxe2 Rxe2+ {[%mdl 4096] Endgame KRB-KRN} 26. Kd3 Rxh2 27. axb4 Rxb2 28. Rxa7 Rxb4 29. Rc7 Rb1 30. Ke3 Re1+ 31. Kd4 Rd1+ 32. Ke3 Rd6 33. Nd3 h5 34. Ne5 Kh7 35. Nxc6 Rd7 36. Rxd7 Bxd7 {KB-KN} 37. Ne7 Kh6 38. Ke4 h4 39. gxh4 Kh5 40. Nf5 Bxf5+ 41. Kxf5 Kxh4 42. Kg6 Kg4 43. Kxg7 Kxf4 {Accuracy: White = 53%, Black = 77%.} 1/2-1/2

[Event "BL 2018-19"]
[Site "Berlin"]
[Date "2019.03.03"]
[Round "11.19"]
[White "Perske, Thore"]
[Black "Predojevic, Borki"]
[Result "1/2-1/2"]
[WhiteElo "2448"]
[BlackElo "2626"]
[Annotator "TA"]
[PlyCount "91"]
[EventDate "2018.11.10"]
[EventType "team-tourn"]
[EventCountry "GER"]
[SourceTitle "playchess.com"]
[Source "ChessBase"]
[SourceQuality "1"]
[WhiteTeam "SV Hofheim"]
[BlackTeam "Solingen"]

{[%evp 16,91,37,32,41,5,14,0,0,0,0,0,0,0,11,0,0,-22,-35,-25,-32,-34,-29,-39,-55,-80,-80,-146,-145,-145,-141,-158,-147,-161,-153,-143,-161,-149,-64,-76,-79,-77,0,0,0,0,0,0,0,0,0,0,0,0,0,-29,0,0,7,7,7,7,10,10,10,10,16,0,0,0,0,0,0,0,0,0,0,0]} 1. d4 d6 2. e4 Nf6 3. Nc3 e5 4. Nf3 Nbd7 5. Bc4 Be7 6. O-O O-O 7. Re1 c6 8. a4 h6 9. a5 Re8 {C41: Philidor Defence} 10. d5 (10. h3 Bf8 11. d5 cxd5 12. Nxd5 Nxd5 13. Qxd5 Qe7 14. b3 Nc5 15. Qd2 Be6 16. Bd5 Rac8 17. Ba3 {1-0 (42) Gundavaa,B (2516)-Bologan,V (2672) Khanty-Mansiysk 2013}) 10... b5 11. axb6 Nxb6 12. Bb3 cxd5 13. Nxd5 $146 ({Predecessor:} 13. exd5 a5 14. Be3 Ng4 15. Bxb6 Qxb6 16. Qd2 Bd7 17. Ba4 {0-1 (57) Olsson,S (2484)-Vandermeulen,B (2560) ICCF email 2008}) 13... Nfxd5 14. exd5 Bg4 15. h3 Bh5 16. g4 Bg6 17. Be3 a5 {[%cal Ba7a5,Ba5a4][%mdl 32]} 18. c4 Qb8 19. Ra3 Rc8 20. Nd2 {[#]} a4 $1 {[%mdl 512]} 21. Ba2 {[#]} (21. Bc2 $142) (21. Bxa4 Nxc4) 21... Nxd5 $1 $17 {[%mdl 512]} 22. cxd5 {Strongly threatening Nc4.} Qxb2 23. Nc4 {[#]} Rxc4 $1 {[%mdl 512]} 24. Bc1 (24. Bxc4 Qxa3) 24... Qb4 25. Bxc4 Qxc4 26. Qd2 Bg5 ({Better is} 26... Be4 $17 27. Rc3 Qxd5 28. Qxd5 Bxd5) 27. Qa2 $15 Qb4 28. Rf1 Be4 (28... Bh4 $17) 29. Bxg5 $11 hxg5 30. Ra1 Qc5 31. Rxa4 Rxa4 32. Qxa4 Bxd5 {[%mdl 4096] Endgame KQR-KQB} 33. Qd1 Be4 34. Qd2 f6 35. Rc1 (35. Qa5 {is more complex.} Qc8 36. Qa3 Qb8 37. Qa7 Qb3 38. Qa4) 35... Qa3 (35... Qb5 {looks sharper.} 36. Qc3 Kh7 37. Qg3 Qb2 38. Qc3 Qb7) 36. Qe3 {The position is equal.} Qxe3 (36... Qa8 {keeps more tension.} 37. h4 gxh4 38. g5 fxg5 39. Qxg5 Qf8) 37. fxe3 {KR-KB} d5 38. Kf2 g6 39. Rc7 Kf8 40. Ra7 f5 41. Ra8+ Ke7 42. Ra7+ Kf6 43. Ra6+ Kf7 44. Ra7+ Kf6 45. Ra6+ Kf7 46. Ra7+ {Accuracy: White = 49%, Black = 69%.} 1/2-1/2

[Event "BL 2018-19"]
[Site "Berlin"]
[Date "2019.03.03"]
[Round "11.20"]
[White "Tomczak, Jacek"]
[Black "Prusikin, Michael"]
[Result "1/2-1/2"]
[WhiteElo "2633"]
[BlackElo "2510"]
[Annotator "TA"]
[PlyCount "101"]
[EventDate "2018.11.10"]
[EventType "team-tourn"]
[EventCountry "GER"]
[SourceTitle "playchess.com"]
[Source "ChessBase"]
[SourceQuality "1"]
[WhiteTeam "SF Berlin"]
[BlackTeam "Augsburg"]

{[%evp 23,101,0,0,0,16,19,15,30,7,10,37,40,67,59,53,57,53,17,11,0,0,0,0,0,0,0,0,0,0,0,0,0,0,0,0,0,0,0,0,0,0,0,0,0,0,0,0,0,0,0,0,0,0,4,4,6,5,5,14,0,18,14,18,0,18,0,18,0,14,0,0,0,0,0,0,0,0,0,0,0]} 1. e4 e6 2. d4 d5 3. Nc3 Nf6 4. Bg5 Bb4 5. e5 h6 6. Be3 Ne4 7. Qg4 Kf8 8. Nge2 {C12: French: Classical System: McCutcheon Variation} c5 9. dxc5 Nc6 10. O-O-O Nxc3 11. Nxc3 Bxc3 12. bxc3 Qa5 {LiveBook: 5 Games} 13. Kd2 Nxe5 14. Qb4 $1 {[%cal Rb4a5]} Nc6 15. Qxa5 Nxa5 {[#]} 16. Rb1 $146 Bd7 {[#]} 17. c4 $1 {[%mdl 512]} Bc6 ({Much worse is} 17... Nxc4+ 18. Bxc4 dxc4 19. Rxb7 $16) 18. cxd5 exd5 19. Bb5 Ke7 20. Kc1 Rhe8 {The position is equal.} 21. Bxc6 bxc6 22. Bd2 Nc4 23. Re1+ Kf8 24. Rxe8+ Rxe8 $11 {[%mdl 4096] Endgame KRB-KRN} 25. Kd1 $1 f6 26. Bf4 Re7 (26... g5 {with more complications.} 27. Bd2 Kf7 28. Bc3 f5 29. Rb7+ Re7) 27. Bd6 Nxd6 28. cxd6 {KR-KR} Rd7 29. Rb8+ Kf7 30. Rc8 $1 Ke6 31. Rxc6 Rxd6 32. Rc7 Rd7 33. Rc8 Rd6 34. Rc7 Rd7 35. Rc5 Kd6 36. Ra5 Kc6 37. Kd2 Kb6 38. Ra3 Re7 39. Rb3+ Kc6 40. Rb8 Rb7 41. Rc8+ Rc7 42. Rd8 Rd7 43. Rb8 Rb7 44. Rc8+ Rc7 45. Rd8 Rd7 46. Re8 Kb5 47. Re3 a5 48. Rb3+ Kc4 49. Rc3+ Kb4 50. Rb3+ Kc4 51. Rc3+ {Precision: White = 72%, Black = 74%.} 1/2-1/2

[Event "BL 2018-19"]
[Site "Berlin"]
[Date "2019.03.03"]
[Round "11.20"]
[White "Andersen, Mads"]
[Black "Ginsburg, Gennadi"]
[Result "1/2-1/2"]
[WhiteElo "2594"]
[BlackElo "2418"]
[Annotator "TA"]
[PlyCount "67"]
[EventDate "2018.11.10"]
[EventType "team-tourn"]
[EventCountry "GER"]
[SourceTitle "playchess.com"]
[Source "ChessBase"]
[SourceQuality "1"]
[WhiteTeam "Solingen"]
[BlackTeam "SV Hofheim"]

{[%evp 19,67,20,23,11,25,33,31,19,21,24,20,16,16,0,8,0,7,0,4,0,14,22,26,5,10,0,22,0,0,0,0,0,0,0,0,0,0,0,0,0,0,0,2,0,7,0,3,0,11,0]} 1. c4 e6 2. g3 d5 3. Bg2 Nf6 4. Nf3 c5 5. O-O Nc6 6. d4 Be7 7. cxd5 exd5 8. dxc5 Bxc5 9. Qc2 Bb6 10. Nc3 O-O 11. Na4 {D30: Queen's Gambit Declined: Systems without Nc3} h6 12. Nxb6 Qxb6 13. b3 {White is slightly better.} Bg4 $146 ({Predecessor:} 13... Be6 14. Bb2 Ne4 15. Qd1 Rfc8 16. Rc1 a5 17. Nd2 Rd8 {1-0 (38) Gajewski,G (2653)-Koch,J (2473) Haguenau 2013}) 14. Bb2 Ne4 15. Rad1 Rfe8 16. Qb1 Rad8 17. Qa1 f6 18. Nd4 {[#] aiming for f3.} Bh5 19. Rfe1 Ne5 20. f3 Nd6 21. Kh1 Bf7 {The position is equal.} 22. Rd2 Nb5 23. Red1 Nc6 24. Nf5 {[#] Threatens to win with Bxf6!} d4 25. Bf1 {[%cal Rf5d4]} Qa5 $1 26. Nxd4 Nbxd4 27. Bxd4 Nxd4 28. Rxd4 Rxd4 29. Qxd4 Qxa2 30. b4 Qb3 31. Rd3 Qb1 32. Rd1 Qb3 33. Rd3 Qb1 34. Rd1 {Accuracy: White = 57%, Black = 63%.} 1/2-1/2

[Event "BL 2018-19"]
[Site "Berlin"]
[Date "2019.03.03"]
[Round "11.21"]
[White "Arnaudov, G. Petar"]
[Black "Kraemer, Martin"]
[Result "1/2-1/2"]
[WhiteElo "2459"]
[BlackElo "2582"]
[Annotator "ChessBase"]
[PlyCount "95"]
[EventDate "2018.11.10"]
[EventType "team-tourn"]
[EventCountry "GER"]
[SourceTitle "playchess.com"]
[Source "ChessBase"]
[SourceQuality "1"]
[WhiteTeam "Augsburg"]
[BlackTeam "SF Berlin"]
[TimeControl "40/6000+30:3000+30"]

1. d4 {[%emt 0:00:00]} Nf6 {[%emt 0:00:00]} 2. c4 {[%emt 0:00:00]} e6 {[%emt 0:00:00]} 3. Nc3 {[%emt 0:00:00]} Bb4 {[%emt 0:00:00]} 4. g3 {[%emt 0:00:00]} O-O {[%emt 0:01:23]} 5. Bg2 {[%emt 0:00:00]} d5 {[%emt 0:00:11]} 6. Nf3 {[%emt 0:00:00]} dxc4 {[%emt 0:01:41]} 7. O-O {[%emt 0:00:03]} Nc6 {[%emt 0:00:13]} 8. Qa4 {[%emt 0:00:09]} Nd5 {[%emt 0:00:06]} 9. Qc2 {[%emt 0:00:12]} Be7 {[%emt 0:00:02]} 10. Rd1 {[%emt 0:00:13]} Bd7 {[%emt 0:01:03]} 11. e4 {[%emt 0:01:07]} Ncb4 {[%emt 0:02:35]} 12. Qd2 {[%emt 0:01:08]} Nb6 {[%emt 0:02:03]} 13. Qe2 {[%emt 0:05:59]} Nd3 {[%emt 0:31:22]} 14. Be3 {[%emt 0:00:08]} Bb4 {[%emt 0:06:04]} 15. Qc2 {[%emt 0:02:54]} Bxc3 {[%emt 0:01:54]} 16. Qxc3 {[%emt 0:00:46]} Na4 {[%emt 0:00:16]} 17. Qc2 {[%emt 0:04:13]} Ndxb2 {[%emt 0:01:17]} 18. Rdb1 {[%emt 0:00:18]} c3 {[%emt 0:00:22]} 19. Qb3 {[%emt 0:03:53]} b5 {[%emt 0:03:51]} 20. d5 {[%emt 0:00:32]} exd5 {[%emt 0:07:09]} 21. exd5 {[%emt 0:00:46]} Bf5 {[%emt 0:17:48]} 22. Re1 {[%emt 0:01:34]} Be4 {[%emt 0:03:49]} 23. Ng5 {[%emt 0:06:03]} Bxg2 {[%emt 0:02:26]} 24. Kxg2 {[%emt 0:00:11]} a6 {[%emt 0:01:49]} 25. Kg1 {[%emt 0:06:01]} h6 {[%emt 0:06:44]} 26. Ne4 {[%emt 0:00:17]} c2 {[%emt 0:11:29]} 27. Nd2 {[%emt 0:08:00]} c5 {[%emt 0:02:02]} 28. dxc6 {[%emt 0:04:13]} Nd3 {[%emt 0:00:03]} 29. Qxc2 {[%emt 0:01:35]} Nxe1 {[%emt 0:00:02]} 30. Rxe1 {[%emt 0:00:10]} Rc8 {[%emt 0:00:45]} 31. Rc1 {[%emt 0:00:24]} Qd5 {[%emt 0:00:41]} 32. Nb3 {[%emt 0:00:33]} b4 {[%emt 0:02:02]} 33. Qc4 {[%emt 0:02:52]} Qxc4 {[%emt 0:00:56]} 34. Rxc4 {[%emt 0:00:05]} Rfe8 {[%emt 0:01:19]} 35. Rxb4 {[%emt 0:02:05]} Nc3 {[%emt 0:00:13]} 36. Rc4 {[%emt 0:03:53]} Nd5 {[%emt 0:00:53]} 37. Bd2 {[%emt 0:00:32]} Nb6 {[%emt 0:02:38]} 38. Rc5 {[%emt 0:00:55]} Re6 {[%emt 0:00:17]} 39. Nd4 {[%emt 0:01:17]} Rd6 {[%emt 0:00:15]} 40. Be3 {[%emt 0:00:22]} Rd5 {[%emt 0:01:43]} 41. Rc2 {[%emt 0:54:27]} h5 {[%emt 0:12:58]} 42. h3 {[%emt 0:00:00]} g6 {[%emt 0:00:47]} 43. g4 {[%emt 0:00:00]} hxg4 {[%emt 0:01:02]} 44. hxg4 {[%emt 0:00:00]} Rd6 {[%emt 0:01:13]} 45. Kg2 {[%emt 0:00:00]} Nd5 {[%emt 0:00:44]} 46. Rc4 {[%emt 0:00:00]} f6 {[%emt 0:12:03]} 47. Ra4 {[%emt 0:00:00]} g5 {[%emt 0:02:14]} 48. Rxa6 {[%emt 0:00:00]} 1/2-1/2

[Event "BL 2018-19"]
[Site "Berlin"]
[Date "2019.03.03"]
[Round "11.21"]
[White "Womacka, Mathias"]
[Black "Smeets, Jan"]
[Result "0-1"]
[WhiteElo "2449"]
[BlackElo "2602"]
[Annotator "TA"]
[PlyCount "118"]
[EventDate "2018.11.10"]
[EventType "team-tourn"]
[EventCountry "GER"]
[SourceTitle "playchess.com"]
[Source "ChessBase"]
[SourceQuality "1"]
[WhiteTeam "SV Hofheim"]
[BlackTeam "Solingen"]

{[%evp 21,118,30,31,22,31,22,58,47,39,12,42,47,24,28,30,-19,0,0,0,-7,-7,-41,-42,-46,-37,-59,-35,-79,-85,-95,-30,-89,-89,-93,-86,-121,-127,-128,-127,-127,-127,-128,-127,-126,-109,-109,-109,-256,-244,-249,-244,-252,-236,-492,-462,-372,-316,-535,-531,-739,-732,-706,-683,-1856,-1841,-10024,-7643,-12837,-9478,-12837,-12847,-29960,-7953,-29963,-29966,-29966,-29967,-29967,-29969,-29969,-29967,-29971,-29972,-29972,-29973,-29973,-29974,-29973,-29975,-29975,-29976,-29977,-29978,-29975,-29979,-29979,-29980,-29977,-29978]} 1. e4 c5 2. Nf3 d6 3. d4 cxd4 4. Nxd4 Nf6 5. Nc3 a6 6. Be2 e6 7. O-O Nbd7 8. a4 b6 9. f4 Bb7 10. Bf3 Qc7 11. Kh1 Rc8 12. Qe1 {B84: Sicilian Scheveningen: 6 Be2 a6, lines without early Be3} h5 13. Be3 g6 14. Rd1 {White is slightly better.} Be7 15. Nde2 {[#]} e5 $146 ({Predecessor:} 15... Qb8 16. Bf2 Qa8 17. Bh4 Nxe4 18. Bxe7 Kxe7 19. Nxe4 Bxe4 20. Qd2 Rhd8 21. f5 Ne5 22. Bxe4 Qxe4 23. fxe6 fxe6 24. Qg5+ Kd7 25. Ng3 {1-0 (25) Ivanchuk,V (2787)-Almeida Quintana,O (2502) Merida 2007}) 16. Nc1 exf4 17. Bxf4 Ne5 18. Nd5 Nxd5 ({Don't go for} 18... Qxc2 $2 19. Nxe7 Kxe7 20. Qh4 $18) 19. exd5 Nxf3 20. Rxf3 {aiming for Bg5.} O-O 21. c4 Rfe8 {And now ...Bf8 would win.} 22. Re3 {Threatening Bg5!} Qd7 $36 {[%mdl 2048] White is under pressure.} 23. b3 b5 24. axb5 axb5 25. cxb5 Bf6 ({Black should try} 25... g5 $17 26. Bg3 Bf6) 26. Rxe8+ (26. Qf1 $11) 26... Rxe8 $17 27. Qf1 Bg7 28. b4 Re4 29. Nb3 Rxb4 {[%mdl 64] [#] Double Attack} 30. Na5 Rxb5 {[%mdl 64] Double Attack} 31. Nxb7 Rxb7 32. h3 Qe7 33. Re1 Qf6 34. Bg3 (34. Qa6 $17 {keeps fighting.}) 34... Qxf1+ $19 35. Rxf1 {[#]} Be5 $1 {[%cal Re5g3]} 36. Bxe5 dxe5 {[%mdl 4096] Endgame KR-KR} 37. g4 $2 (37. Re1) 37... hxg4 38. hxg4 Rb4 39. d6 $2 (39. Re1 f6 40. Rd1) 39... Rd4 40. Re1 f6 41. g5 Kf7 42. gxf6 Kxf6 43. Kg2 Rxd6 44. Kf3 Rd3+ 45. Ke4 Rd4+ 46. Ke3 Kf5 (46... Rf4 $142 47. Rc1 g5 48. Rc8 Kf7 49. Rc7+ Ke6 50. Rg7 Kf5 51. Rf7+ Ke6 52. Rg7 Kf5 53. Rf7+ Ke6 54. Rg7) 47. Ra1 Rf4 {Black mates.} 48. Ra8 g5 49. Rf8+ Kg4 50. Re8 Kg3 51. Rxe5 g4 52. Rg5 Rf8 53. Ke2 Kh3 54. Rg7 g3 55. Rg6 Kh2 56. Rg7 g2 57. Rh7+ Kg1 58. Rh6 Re8+ 59. Kd2 Re5 {Accuracy: White = 29%, Black = 80%.} 0-1

[Event "BL 2018-19"]
[Site "Berlin"]
[Date "2019.03.03"]
[Round "11.22"]
[White "Nikolic, Predrag"]
[Black "Lobzhanidze, Davit"]
[Result "1/2-1/2"]
[WhiteElo "2576"]
[BlackElo "2428"]
[Annotator "TA"]
[PlyCount "109"]
[EventDate "2018.11.10"]
[EventType "team-tourn"]
[EventCountry "GER"]
[SourceTitle "playchess.com"]
[Source "ChessBase"]
[SourceQuality "1"]
[WhiteTeam "Solingen"]
[BlackTeam "SV Hofheim"]

{[%evp 10,109,12,4,22,4,4,1,8,4,18,1,2,10,29,0,0,0,10,12,10,0,0,-21,-14,-12,0,-69,-61,-69,-66,-87,-75,-102,-71,-77,-32,-34,-31,-38,-13,-13,-12,-10,0,0,0,-14,0,0,0,0,0,0,0,-33,-31,-31,-29,-21,-17,-24,0,0,0,-6,0,-10,25,0,6,6,14,0,0,0,0,0,0,0,9,9,9,0,0,0,6,6,6,9,9,0,9,-33,-25,-183,8,8,8,8,8,8]} 1. d4 Nf6 2. Nf3 e6 3. c4 b6 4. g3 Bb4+ 5. Bd2 Be7 6. Bg2 c6 {E15: Queen's Indian: 4 g3 sidelines, 4 g3 Ba6 and 4 g3 Bb7 early deviations} 7. Bc3 O-O 8. Nbd2 d5 9. O-O Nbd7 10. Qc2 Bb7 11. Rfd1 Rc8 (11... Qc7 12. Rac1 Rac8 13. b3 h6 14. Qb2 Qb8 {1-0 (81) L'Ami,E (2644)-Fedorchuk,S (2611) Germany 2018}) 12. Rac1 $146 ({Predecessor:} 12. e4 c5 13. exd5 exd5 14. Qf5 dxc4 15. Nxc4 b5 16. Ba5 Qe8 17. Nce5 {0-1 (29) Horvath,J (2510)-Lukacs,P (2465) Hungary 1989}) 12... c5 13. dxc5 bxc5 14. cxd5 exd5 {[#] White must now prevent ...d4.} 15. Nh4 g6 16. Nb3 Qb6 17. e3 Qe6 18. Nf3 (18. Nd2 $1 $11) 18... Ne4 $15 19. Nfd2 f5 20. Nf1 Rfd8 21. Be1 Ne5 22. Bc3 Rd7 23. Bxe5 Qxe5 24. Nfd2 {White wants to play Nxe4.} Rdd8 25. Nxe4 fxe4 26. Bh3 Rc7 27. Qc3 Qxc3 28. Rxc3 Bc8 29. Bxc8 Rcxc8 30. Rc2 Rc7 31. Nd4 {Strongly threatening Ne6.} Kf7 $1 32. b4 c4 33. b5 Bc5 34. Ne2 Rcd7 35. a4 {[%cal Ba2a4,Ba4a5][%mdl 32]} Ke6 36. a5 g5 37. Rb1 Rb8 38. Nc3 Ke5 39. Na4 Be7 40. b6 a6 41. Nc3 Kd6 42. Rd1 Ke6 43. Ne2 Bf6 44. Kg2 Rc8 45. h4 h6 46. hxg5 hxg5 47. Rh1 Rh8 48. Rxh8 Bxh8 $11 {[%mdl 4096] Endgame KRB-KRN} 49. Rc1 Kd6 50. Rh1 Bg7 51. Rh7 Kc6 {...Kb5 is the strong threat.} 52. Kf1 $2 {[#]} (52. f4 $11) 52... Bb2 $2 (52... c3 $1 $19 {And now ...c2 would win.} 53. Ke1 c2) 53. Nd4+ $1 {The position is equal.} Bxd4 $1 54. Rxd7 Kxd7 55. exd4 {Accuracy: White = 49%, Black = 39%.} 1/2-1/2

[Event "BL 2018-19"]
[Site "Berlin"]
[Date "2019.03.03"]
[Round "11.22"]
[White "Jakubowski, Krzysztof"]
[Black "Rozentalis, Eduardas"]
[Result "0-1"]
[WhiteElo "2510"]
[BlackElo "2524"]
[Annotator "TA"]
[PlyCount "144"]
[EventDate "2018.11.10"]
[EventType "team-tourn"]
[EventCountry "GER"]
[SourceTitle "playchess.com"]
[Source "ChessBase"]
[SourceQuality "1"]
[WhiteTeam "SF Berlin"]
[BlackTeam "Augsburg"]

{[%evp 25,144,7,16,13,14,18,28,28,34,17,10,26,7,16,35,0,38,25,15,8,2,16,21,14,27,-7,19,11,26,0,0,0,0,0,0,0,0,0,0,0,0,0,0,0,0,0,0,0,0,0,0,0,0,0,0,0,-3,-4,0,-8,-8,-10,-4,-17,-8,-43,0,0,0,0,0,0,0,0,0,0,0,0,0,0,0,0,0,0,0,-642,-634,-614,-600,-4064,-2141,-4144,-4144,-4141,-4137,-4137,-4137,-4137,-4137,-4137,-4137,-4137,-4137,-29971,-29973,-29983,-29984,-29988,-29989,-29989,-29990,-29990,-29991,-29991,-29992,-29992,-29992,-29993,-29994,-29994,-29995]} 1. d4 Nf6 2. Nf3 e6 3. g3 b6 4. Bg2 Bb7 5. O-O Be7 6. c4 O-O 7. Nc3 Ne4 8. Bd2 Bf6 9. Rc1 d6 10. d5 Bxc3 11. Bxc3 Nxc3 12. Rxc3 e5 13. e4 a5 14. Nd2 {E18: Queen's Indian: Old Main Line (4 g3 Bb7 5 Bg2 Be7 6 0-0 0-0 7 Nc3)} Nd7 15. f4 Qe7 16. f5 {White has an edge.} (16. Nf3 f6 17. Re1 Nc5 18. Rce3 Bc8 19. Qc2 Bd7 20. b3 Rfb8 21. a3 b5 22. cxb5 Rxb5 {1-0 (55) Nakamura,H (2785)-Anton Guijarro,D (2650) Caleta 2017}) 16... c6 17. dxc6 $146 ({Predecessor:} 17. a4 Rac8 18. Rf2 Ba6 19. Bf1 Rc7 20. Qf3 Rfc8 21. Re3 Rb8 22. b3 Nc5 23. dxc6 {½-½ (23) Gallmeyer,P-Hyldkrog,L Denmark 1976}) 17... Bxc6 18. a4 f6 19. b3 Kh8 20. Qe1 Rg8 21. Rcf3 Raf8 22. Qe3 Nc5 23. R3f2 Rf7 24. Bf3 g5 25. g4 Rfg7 (25... h5 $5) 26. h3 Be8 27. Rd1 h5 28. Nf1 hxg4 29. hxg4 Bf7 30. Rh2+ Rh7 31. Rdd2 Rxh2 32. Rxh2+ Kg7 33. Bd1 Rh8 34. Rxh8 Kxh8 35. Bc2 Kg7 36. Nd2 Qd8 37. Kg2 Be8 38. Kf2 Bc6 39. Qh3 Na6 40. Ke1 Nb4 41. Kd1 Be8 42. Kc1 Qc7 43. Qe3 {[#]} b5 $1 {[%mdl 512]} 44. axb5 Bxb5 45. Nf3 Be8 46. Nxg5 $1 fxg5 47. Qxg5+ Kf8 48. Qf6+ Kg8 49. Qg5+ Qg7 50. Qd8 Qf8 51. Qg5+ Kh7 {Strongly threatening ...Qh6.} 52. Kb2 Bf7 53. Qf6 Qg7 54. Qxd6 Qxg4 {Hoping for ...Qe2.} 55. Qxe5 $2 {[%mdl 8192]} (55. Qe7 $11 Qg7 56. c5) 55... Qg2 $19 56. Qc3 {[#]} Bh5 $1 ({Worse is} 56... Nxc2 57. Qxc2 Qg7+ 58. Ka2 $11) 57. Kb1 Bf3 58. e5 Nxc2 59. Qxa5 Be4 60. Qc7+ Kh6 61. Qd6+ Kh5 62. Kb2 Bxf5 63. Qd1+ Kg5 {( -> ...Ne3+)} 64. Qd8+ Kf4 {Black mates.} 65. Qd6 Ke3 66. Kc3 Qh1 {[%cal Rh1a1]} 67. Qd2+ Kf3 {[%cal Rh1a1]} 68. Qd5+ Be4 69. Qf7+ Ke2 {[%cal Rh1a1]} 70. Qa7 Qe1+ 71. Kb2 Nb4 72. Qd7 Nd3+ {Accuracy: White = 61%, Black = 66%.} 0-1

[Event "BL 2018-19"]
[Site "Berlin"]
[Date "2019.03.03"]
[Round "11.23"]
[White "Gurevich, Vladimir"]
[Black "Naumann, Alexander"]
[Result "1/2-1/2"]
[WhiteElo "2469"]
[BlackElo "2532"]
[Annotator "TA"]
[PlyCount "53"]
[EventDate "2018.11.10"]
[EventType "team-tourn"]
[EventCountry "GER"]
[SourceTitle "playchess.com"]
[Source "ChessBase"]
[SourceQuality "1"]
[WhiteTeam "SV Hofheim"]
[BlackTeam "Solingen"]

{[%evp 22,53,-8,-20,0,0,0,-8,18,18,10,6,10,6,21,26,49,49,67,63,68,68,69,22,22,22,23,22,25,26,39,39,48,0]} 1. e4 c5 2. Nf3 d6 3. d4 cxd4 4. Nxd4 Nf6 5. Nc3 a6 6. a4 g6 7. Be2 Bg7 8. O-O O-O 9. Nb3 Nc6 10. Be3 Be6 11. f4 Rc8 12. Kh1 Na5 {B70: Sicilian Dragon: 6 g3 and 6 Be2 (without a later Be3)} (12... Nd7 13. Nd4 Nxd4 14. Bxd4 Bxd4 15. Qxd4 Qb6 16. Qxb6 Nxb6 17. a5 Nc4 18. Bxc4 Rxc4 19. f5 Bd7 20. f6 exf6 21. Rxf6 {½-½ (51) Yu,R (2439)-Wang,H (2728) Ningbo 2011}) 13. f5 Bc4 14. Bd3 Nxb3 {The position is equal.} 15. cxb3 Bxd3 16. Qxd3 Qa5 17. Bd4 Rfe8 18. Rad1 $146 ({Predecessor:} 18. Rac1 Ng4 19. Nd5 Rxc1 20. Rxc1 gxf5 21. Bb6 Qxb6 {0-1 (21) Seidel,M (2068)-Afek,Y (2314) Nuremberg 2009}) 18... Qb4 19. Bxf6 Bxf6 20. Nd5 Qc5 21. fxg6 hxg6 22. Rxf6 exf6 23. Nxf6+ {[%mdl 64] [#] Double Attack, Discovered Attack} Kg7 24. Nxe8+ Rxe8 25. h3 Re6 26. Qc3+ Kg8 27. Qd4 {Accuracy: White = 75%, Black = 46%.} 1/2-1/2

[Event "BL 2018-19"]
[Site "Berlin"]
[Date "2019.03.03"]
[Round "11.23"]
[White "Nestorovic, Nikola"]
[Black "Abel, Dennes"]
[Result "1-0"]
[WhiteElo "2455"]
[BlackElo "2465"]
[Annotator "RC"]
[PlyCount "49"]
[EventDate "2018.11.10"]
[EventType "team-tourn"]
[EventCountry "GER"]
[SourceTitle "playchess.com"]
[Source "ChessBase"]
[SourceQuality "1"]
[WhiteTeam "Augsburg"]
[BlackTeam "SF Berlin"]
[TimeControl "40/6000+30:3000+30"]

1. e4 {[%emt 0:00:00]} c6 {[%emt 0:00:00]} 2. d4 {[%emt 0:00:00]} d5 {[%emt 0:00:00]} 3. e5 {[%emt 0:00:00]} Bf5 {[%emt 0:00:00]} 4. Nd2 e6 {[%emt 0:00:14]} 5. Nb3 {[%emt 0:00:00]} Nd7 {[%emt 0:00:44]} 6. Ne2 Ne7 7. c3 {[%emt 0:00:59]} Qc7 {[%emt 0:07:35]} 8. Ng3 {[%emt 0:00:29]} Bg6 {[%emt 0:01:53]} 9. Be2 {[%emt 0:00:34]} c5 {[%emt 0:03:11]} 10. Be3 {[%emt 0:00:48]} Nf5 {[%emt 0:09:29]} 11. Nxf5 {[%emt 0:00:20]} Bxf5 {[%emt 0:00:06]} 12. O-O {[%emt 0:00:25]} Bg6 {[%emt 0:05:00]} 13. f4 {[%emt 0:10:13]} c4 {[%emt 0:06:19]} 14. Nd2 {[%emt 0:00:56]} h5 {[%emt 0:13:15]} 15. b3 {[%emt 0:11:13]} cxb3 {[%emt 0:02:09]} 16. Qxb3 {[%emt 0:04:47]} Be7 {[%emt 0:04:29]} 17. c4 {[%emt 0:01:54]} dxc4 {[%emt 0:05:39]} 18. Nxc4 {[%emt 0:01:44]} O-O {[%emt 0:13:19]} 19. Rac1 {[%emt 0:11:24]} Rab8 {[%emt 0:05:06]} 20. d5 {[%emt 0:00:21]} Nc5 21. d6 {[%emt 0:00:04]} Nxb3 {[%emt 0:01:43]} 22. dxc7 {[%emt 0:00:07]} Nxc1 {[%emt 0:00:12]} 23. Rxc1 {[%emt 0:00:06]} Rbc8 {[%emt 0:05:13]} 24. Nd6 {[%emt 0:03:33]} f6 25. Bb5 1-0